00709nam a22002057a 450000500170000001000130001702000220003003500130005203700160006504000120008108200190009324501420011226000460025427000470030030000260034750000500037365000250042365000320044870000230048020170124105930.0 aA-709753 c00.00a8121000661 aA-709753 bCen Lib/Ret aDPLbEN a388.40954bPRO aProblems of urban transport in India :cedited by D. Panduranga Raobproceedings of the international seminar held on april 20-22, 1985 / aNew DelhibInter-India Publicationsc1985 aD-17, Raja Garden Extn.bNew Delhie110015 axxiii,376p.c21cm(Hb) aIncludes bibliographical references and index aUrban transportation aUrban transportation policy aRao, D. Panduranga